Enquanto houver vida viverei (Record no. 57149)

MARC details
000 -LÍDER
campo de controle de tamanho fixo 00360 a2200157 4500
001 - NÚMERO DE CONTROLE
campo de controle 57149
020 ## - ISBN - INTERNATIONAL STANDARD BOOK NUMBER
ISBN - International Standard Book Number 8532207111
040 ## - FONTE DA CATALOGAÇÃO
Instituição que transcreveu o registro Anchieta - Pituba
100 ## - ENTRADA PRINCIPAL--NOME PESSOAL
Nome pessoal Braz, Júlio Emílio
240 10 - TÍTULO UNIFORME
Título uniforme Enquanto houver vida viverei
Idioma da obra por
245 10 - TÍTULO
Título Enquanto houver vida viverei
300 ## - DESCRIÇÃO FÍSICA
Extensão 63
362 0# - DATAS DE PUBLICAÇÃO E/OU DESIGNAÇÃO SEQUENCIAL
Datas de publicação e/ou designação sequencial 1998
650 #4 - ASSUNTO--TERMO TÓPICO
Cabeçalho tópico ou nome geográfico Literatura juvenil
942 ## - ELEMENTOS DE ENTRADA ADICIONADOS (KOHA)
Tipo de material Koha Livros
Holdings
Situação do descarte Situação das perdas Situação física Não pode ser emprestado Biblioteca de origem Biblioteca atual Data de aquisição Total de empréstimos Número de chamada completo Código de barras Data de último acesso Data do preço efetivo Tipo de material Koha Fonte da classificação ou esquema de arquivamento na estante Nota pública Número do exemplar
        Colégio Anchieta - Pituba Colégio Anchieta - Pituba 21/11/2023   LJ 028.5 B827e BRA ENQ 7022/PIT 21/11/2023 21/11/2023 Livros      
        Novo Tempo - Aureliano São José Novo Tempo - Aureliano São José 02/05/2024     nt56 02/05/2024 02/05/2024 Livros Classificação Decimal de Dewey estante branca  
        Novo Tempo - Aureliano São José Novo Tempo - Aureliano São José 02/05/2024     nt57 02/05/2024 02/05/2024 Livros Classificação Decimal de Dewey Estante Branca 1
        Novo Tempo - Aureliano São José Novo Tempo - Aureliano São José 02/05/2024     nt58 02/05/2024 02/05/2024 Livros Classificação Decimal de Dewey estante branca  
        Novo Tempo - Aureliano São José Novo Tempo - Aureliano São José 02/05/2024     nt59 02/05/2024 02/05/2024 Livros Classificação Decimal de Dewey Estante Branca